LEADER 02069nam0 22004453i 450 001 RMS0977072 005 20251003044344.0 010 $a8815091076 020 $aIT$b2004-1476 100 $a20040419d2003 ||||0itac50 ba 101 | $aita 102 $ait 181 1$6z01$ai $bxxxe 182 1$6z01$an 200 1 $aMovimenti di persone e movimenti di capitali in Europa$fa cura di Nicola Acocella e Eugenio Sonnino 210 $aBologna$cIl mulino$d2003 215 $a649 p.$d22 cm. 225 | $aPercorsi 410 0$1001IEI0126371$12001 $aPercorsi 606 $aEuropa$xImmigrazione$2FIR$3CFIC031250$9E 606 $aLavoratori stranieri$xRedditi$xEuropa$2FIR$3CFIC145152$9I 676 $a331.6$9Economia del lavoro - Categorie di lavoratori secondo l'origine etnica e nazionale$v14 676 $a331.62094$9LAVORATORI IMMIGRATI E STRANIERI. EUROPA$v20 686 $a516.8$cIMMIGRAZIONE EXTRACOMUNITARIA IN EUROPA 1989-2001$2R 686 $a530.0$cSTORIA ECONOMICA E SOCIALE 1989-2001$2R 686 $aIT/5430.0$cECONOMIA E SOCIETA ITALIA 1989-2001$2R 686 $aIT/5437.0$cDEMOGRAFIA PROBLEMI SOCIO-SANITARI ASSISTENZA E PREVIDENZA ITALIA 1989-2001$2R 686 $aIT/5438.9$cIMMIGRATI RIFUGIATI ITALIA 1989-2001$2R 696 $aReddito 699 $aRedditi$zReddito 702 1$aSonnino$b, Eugenio$3CFIV017903 702 1$aAcocella$b, Nicola$f <1939- >$3CFIV070005 801 3$aIT$bIT-000000$c20040419 850 $aIT-BN0095 901 $bNAP 01$cPOZZO LIB.$nVi sono collocati fondi di economia, periodici di ingegneria e scienze, periodici di economia e statistica e altri fondi comprendenti documenti di economia pervenuti in dono. 912 $aRMS0977072 950 0$aBiblioteca Centralizzata di Ateneo$c1 v.$d 01POZZO LIB.ECON MON 281$e 0101 0000037865E VMA 1 v. precedente collocazione sez. DASES B 0736$fB $h20081121$i20081121 977 $a 01 996 $aMovimenti di persone e movimenti di capitali in Europa$967186 997 $aUNISANNIO